000 01267cam a2200313 i 4500
001 13093436
003 EG-ScBUE
005 20241111102300.0
008 030214t2004 ii a f 001 0 eng d
020 _a9788126513949(pbk. : acidfree paper)
040 _aDLC
_beng
_erda
_cDLC
_dDLC
_dEG-ScBUE
082 0 4 _a519.40285
_222
_bGIL
100 1 _aGilat, Amos,
_eauthor.
_912307
245 1 0 _aMATLAB :
_ban introduction with applications /
_cAmos Gilat, Department of Mechanical Engineering, The Ohio State University.
264 1 _aNew Delhi :
_bJohn Wiley & Sons, Inc.,
_c[2004]
264 4 _cc2004
300 _aviii, 296 pages :
_billustrations ;
_c24 cm
336 _2rdacontent
_atext
_btxt
337 _aunmediated
_2rdamedia
_bn
338 _avolume
_bnc
_2rdacarrier
500 _aIncludes index.
630 0 7 _aMATLAB.
_2BUEsh
_912308
650 7 _aNumerical analysis
_xData processing.
_2BUEsh
_912309
655 _vReading book
856 4 2 _3Publisher description
_uhttp://www.loc.gov/catdir/description/wiley039/2003043265.html
856 4 1 _3Table of contents
_uhttp://www.loc.gov/catdir/toc/wiley032/2003043265.html
942 _2ddc
_cBB
999 _c13595
_d13595